Reglamento de concesiones y autorizaciones de acuicultura

Tallennettuna:
Bibliografiset tiedot
Yhteisötekijät: Armada de Chile (Tekijä), DIRECTEMAR (Tekijä)
Aineistotyyppi: Kirja
Kieli:espanja
Julkaistu: Valparaíso Dirección General del Territorio Marítimo y de Marina Mercante 1994
Aiheet:
Tagit: Lisää tagi
Ei tageja, Lisää ensimmäinen tagi!

MARC

LEADER 00000nam a2200000 a 4500
001 UCY8391
003 CL-VaPUC
008 950703e19940800CL |||||||||||||||||spa|d
082 0 4 |a 343.83  |b ARM  |2 21 
110 2 |a Armada de Chile  |e author  |9 339711 
710 2 |a DIRECTEMAR  |e author  |9 339712 
245 1 0 |a Reglamento de concesiones y autorizaciones de acuicultura 
300 |a 20 p 
942 |c BK 
945 |d 19950703 00:00:00  |a awong 
260 |a Valparaíso  |b Dirección General del Territorio Marítimo y de Marina Mercante  |c 1994 
650 7 |a REGLAMENTACIONES  |2 CL-VaPUC  |9 338372 
650 7 |a LEGISLACION  |2 CL-VaPUC  |9 339713 
650 0 |a Acuicultura  |9 258883 
651 7 |a CHILE  |2 CL-VaPUC  |9 339714 
583 |a last modification  |c 19950703 00:00:00  |k Rodrigo Vera 
999 |c 235650  |d 235648 
952 |0 0  |1 0  |4 0  |6 343_830000000000000_ARM_1994  |7 0  |8 CCM  |9 243207  |a BIBCUR  |b BIBCUR  |d 2019-11-18  |i 3093379  |o 343.83 ARM 1994  |p 3093379  |r 2025-04-22  |w 2019-11-18  |y BK  |k CIM